Statistiques concernant Focus sur: Bill Weasley - Harry Potter

Cliquez ici pour prendre le quiz!

Statistiques générales

  • Ce quiz a été pris 242 fois
  • Le résultat moyen est 18 sur 23

Statistiques - réponses

Informations recherchéesRéponses% Correct
Ecole fréquentéePoudlard
97%
FrèreRon Weasley
97%
Statut du sangSang-Pur
97%
PèreArthur Weasley
96%
FrèreCharlie Weasley
96%
FrèreFred Weasley
96%
FrèreGeorge Weasley
96%
SœurGinny Weasley
96%
MèreMolly Weasley
96%
FrèrePercy Weasley
96%
Maison fréquentéeGryffondor
95%
Couleur des cheveuxRoux
93%
Première apparitionHarry Potter et la Coupe de Feu
88%
ÉpouseFleur Delacour
87%
Profession du pèreEmployé au ministère de la Magie
83%
Lieu de rencontre avec Harry PotterTerrier
82%
FilleVictoire Weasley
64%
Vrai prénomWilliam
58%
FilsLouis Weasley
54%
FilleDominique Weasley
53%
Acteur l'interprétant dans les filmsDomhnall Gleeson
28%
ProfessionBriseur de sorts
20%
Acteur l'interprétant dans les filmsRichard Fish
11%

Distribution des résultats

Percentile par nombre de réponses

% des personnes avec chaque résultat

Votre développement - résultats

Vous n’avez pas pris ce quiz